[Event "Thursday Knighter III: PREMIER"]
[Site "Minneapolis, MN"]
[Date "2019.03.28"]
[Round "4.1"]
[White "Kalina, Chris"]
[Black "Hunt, Ethan"]
[Result "1/2-1/2"]
[WhiteElo "1924"]
[BlackElo "1912"]

1. d4 Nf6 2. Nf3 d5 3. c4 e6 4. Bg5 c6 5. e3 Nbd7 6. Nc3 Qa5 7. Bxf6 Nxf6 8.
Nd2 Bb4 9. Qc2 b6 10. a3 Bxc3 11. Qxc3 Qxc3 12. bxc3 Ba6 13. cxd5 Bxf1 14.
Rxf1 cxd5 15. c4 Rc8 16. Rc1 dxc4 17. Rxc4 Rxc4 18. Nxc4 Ke7 {#d} 1/2-1/2

[Event "Thursday Knighter III: PREMIER"]
[Site "Minneapolis, MN"]
[Date "2019.03.28"]
[Round "4.2"]
[White "Wasserman, Eddie"]
[Black "Hoover, Nathan"]
[Result "1/2-1/2"]
[WhiteElo "1928"]
[BlackElo "1979"]

1. e4 c5 2. Nc3 Nc6 3. Bb5 g6 4. d3 Bg7 5. Bxc6 bxc6 6. f4 d6 7. h3 f5 8. Nf3
Nh6 9. e5 O-O 10. O-O Nf7 11. Qe2 dxe5 12. fxe5 Nxe5 13. Nxe5 Qd4+ 14. Be3
Qxe5 15. Qf2 Qxe3 16. Qxe3 Bd4 17. Rae1 Rd8 18. Qf2 Bxf2+ 19. Rxf2 e6 20. Re5
c4 21. dxc4 Rb8 22. b3 Rb7 23. Na4 Rbd7 24. Nc5 Rd1+ 25. Kh2 R1d2 26. Rxd2
Rxd2 27. Nxe6 Bxe6 28. Rxe6 Rxc2 29. Rxc6 Rxa2 30. c5 f4 31. Kg1 Rb2 32. Ra6
Rxb3 33. Rxa7 Rc3 34. Rc7 Rc2 35. c6 g5 36. Rc8+ Kg7 37. c7 h5 38. Kf1 g4 39.
hxg4 hxg4 40. Ke1 f3 41. gxf3 gxf3 42. Kd1 f2 43. Kxc2 f1=Q 44. Rg8+ Kxg8 45.
c8=Q+ {#d} 1/2-1/2

[Event "Thursday Knighter III: PREMIER"]
[Site "Minneapolis, MN"]
[Date "2019.03.28"]
[Round "4.3"]
[White "Buyukdag, Yusuf"]
[Black "Boardman, Larry"]
[Result "1-0"]
[WhiteElo "1102"]
[BlackElo "1914"]

1. d4 d5 2. c4 e6 3. Nc3 c5 4. Nf3 Nc6 5. cxd5 exd5 6. g3 Nf6 7. Bg5 cxd4 8.
Bxf6 Qxf6 9. Nxd5 Qd8 10. Nf4 Qa5+ 11. Nd2 Be7 12. Bg2 O-O 13. O-O Bf6 14. Nd5
Qd8 15. Nb3 Be6 16. Nxf6+ Qxf6 17. Nc5 Bf5 18. Qa4 Rab8 19. Rfd1 b5 20. Qa3
Rfe8 21. Rd2 Ne5 22. b3 Qb6 23. Ne4 b4 24. Qb2 Rbd8 25. Rad1 d3 26. Rc1 dxe2
27. Rxd8 e1=Q+ 28. Rxe1 Qxd8 29. Qe2 h6 30. Rd1 Qe7 31. Nd6 Bd3 32. Rxd3 Nxd3
33. Qxd3 Rd8 34. Nf5 Qf6 35. Qc2 Qe5 36. Ne3 Qd4 37. Qc7 g6 38. Bf1 Rd7 39.
Qc6 Kg7 40. Nc4 Re7 41. Qb5 Qc3 42. Qc5 Re1 43. Qxa7 Qd3 44. Ne3 Qb1 45. Qd4+
Kh7 46. Qxb4 {#r} 1-0

[Event "Thursday Knighter III: PREMIER"]
[Site "Minneapolis, MN"]
[Date "2019.03.28"]
[Round "4.4"]
[White "Mulligan, Toma"]
[Black "Lothrop, Jack"]
[Result "0-1"]
[WhiteElo "2008"]
[BlackElo "1506"]

1. d4 Nf6 2. c4 e6 3. Nf3 Bb4+ 4. Nbd2 O-O 5. a3 Be7 6. e4 d6 7. Be2 a5 8. O-O
Nbd7 9. b3 c5 10. e5 dxe5 11. dxe5 Ng4 12. Bb2 Qc7 13. Re1 Ngxe5 14. Qc2 Ng6
15. Ne4 b6 16. Qc3 e5 17. Bd3 f6 18. Ng3 Nb8 19. Be4 Nc6 20. Bd5+ Kh8 21. Qc2
Bd7 22. Be4 Be8 23. h4 Rd8 24. Nf5 Nd4 25. Bxd4 cxd4 26. h5 Nf4 27. h6 g6 28.
Ng7 Bf7 {#R} 0-1

[Event "Thursday Knighter III: OPEN"]
[Site "Minneapolis, MN"]
[Date "2019.03.28"]
[Round "4.1"]
[White "Myrin, Norman"]
[Black "Steinke, Daniel"]
[Result "1/2-1/2"]
[WhiteElo "1974"]
[BlackElo "2025"]

1. d4 Nf6 2. c4 e6 3. Nc3 d5 4. Nf3 b6 5. e3 Bb7 6. Bd3 dxc4 7. Bxc4 Be7 8.
O-O O-O 9. a3 a5 10. Bd2 c5 11. Qe2 Nbd7 12. Rfd1 cxd4 13. exd4 Rc8 14. Ba6
Bxa6 15. Qxa6 Nb8 16. Qe2 Nd5 17. Nxd5 Qxd5 18. Rac1 Rfd8 19. Qe5 Qxe5 20.
dxe5 Rc6 21. Rxc6 Nxc6 22. Rc1 Bc5 23. Re1 Be7 24. Rc1 Nxe5 25. Nxe5 Rxd2 26.
Rc8+ Bf8 27. Kf1 h6 {#d} 1/2-1/2

[Event "Thursday Knighter III: OPEN"]
[Site "Minneapolis, MN"]
[Date "2019.03.28"]
[Round "4.2"]
[White "Landman, Kevin"]
[Black "Thiagarajan, Arvind"]
[Result "1-0"]
[WhiteElo "1506"]
[BlackElo "1528"]

1. d4 f5 2. g3 Nf6 3. Bg2 d6 4. c4 g6 5. Nc3 Bg7 6. Nf3 O-O 7. O-O Nbd7 8. Qc2
e5 9. e4 exd4 10. Nxd4 fxe4 11. Ne6 Qe7 12. Nxf8 Nxf8 13. Bg5 Qf7 14. Nxe4
Nxe4 15. Bxe4 Ne6 16. Be3 Kh8 17. Rad1 Qe7 18. b3 c5 19. Rfe1 Bd4 20. Bd5 Qf6
21. Bxe6 Bxe6 22. Bxd4 cxd4 23. Qe4 Bf5 24. Qxd4 Qxd4 25. Rxd4 Rd8 26. Re7 Bc8
27. c5 d5 28. Re5 b6 29. Rexd5 Re8 30. Rd8 {#r} 1-0